000 002810000a22000970004500
100 1 _aHoward, George (1893- )
245 1 0 _aA note codex sinaiticus and shem-tob's Hebrew Matthew
300 _aVol. 34, Num. 1 (Enero, 1992), Páginas 46-47
773 0 _tNovum Testamentum
942 _cANA
999 _c56821
_d56821